00636cam a2200205 a 4500003000400000005001700004008004100021020001500062040002400077082001900101100001900120245007400139260003600213300002900249504006500278650002400343650002700367650001700394700001900411INP20260622095957.0011219s1996 nyu ||fr 001 0 eng d a0070460655 aEG-INPcEG-INPbeng04221a519.7bS L1 aNash, Stephen.10aLinear and nonlinear programming /cStephen G. Nash and Ariela Sofer. aNew York :bMcGraw-Hill,c1996. a692 p. :bill. ;c24 cm. a Includes bibliographical references (p. 661-677) and index. 0aLinear programming. 0aNonlinear programming.04aprogramming.1 aSofer, Ariela.